|
|
|
|
| LEADER |
00592 a2200169 4500 |
| 008 |
130514b xxu||||| |||| 00| 0 eng d |
| 020 |
|
|
|a 978-81-7012-158-9
|
| 082 |
|
|
|a 328 RAT.1'08
|
| 100 |
|
|
|a Rathore,L S
|9 2006
|
| 110 |
|
|
|a Haqqi,S.A.H.
|9 2732
|
| 245 |
|
|
|a Principles of political theory and organization
|
| 260 |
|
|
|a Lucknow
|b Eastern Book
|c 2008
|
| 300 |
|
|
|a xx,380p.
|
| 440 |
|
|
|a Pre law education series
|9 2733
|
| 942 |
|
|
|2 ddc
|c BK
|
| 999 |
|
|
|c 6972
|d 6972
|
| 952 |
|
|
|0 0
|1 0
|2 ddc
|4 0
|6 328_000000000000000_RAT081
|7 0
|9 8696
|a NUALS
|b NUALS
|c GEN
|d 2013-05-14
|l 7
|m 1
|o 328 RAT'08;1
|p 101
|r 2019-11-24
|s 2019-11-21
|y BK
|